00537nam a2200169Ia 4500008004100000020001800041041000800059082001600067100002100083245002400104250000600128260006200134300001300196650000900209999001900218952013000237210716s2010 xx 000 0 und d a9788184047370 aeng a004.35 BREC aBreshears, Clay. aArt of concurrency. a1 aMumbaibShroff Publishers and Distributors Pvt Ltdc2010 axiii,285 aNone c191038d191038 001040708MCAaAIMITbAIMITeKnowledge Worldg375.00l0o004.35 BRECpMCA10546r2025-07-21 00:00:00v281.25w2021-07-16yBK